Statistics for NBA Top 10 Cross-over All-Time

Click here to take the quiz!

General Stats

  • This quiz has been taken 335 times
  • The average score is 5 of 13

Answer Stats

Player% Correct
Allen Iverson
97%
Kyrie Irving
86%
Stephen Curry
71%
Jamal Crawford
45%
Tim Hardaway
42%
Jason Williams
36%
Deron Williams
34%
Isiah Thomas
30%
Derrick Rose
19%
Steve Francis
9%
Rod Strickland
7%
God Shammgod
5%
Rafer Alston
5%

Score Distribution

Percentile by Number Answered

Percent of People with Each Score

Your Score History

You have not taken this quiz